000 00637nam a22002297a 4500
003 UA-OsUOA
001 49145
007 ta
008 20070924b un ||||| |||| 00| 0 ukr d
100 _aСавицкая Т.
090 _a01
_bС12
942 _cBK
040 _aUA-OsUOA
_brus
_cUA-OsUOA
_dUA-OsUOA
245 _aЛеонид Иванович Соломаткин
300 _a97 с.
955 _a3
041 _arus
080 _a01
260 _aМ.
_bИзобразительное исскуство
_c1971
650 7 _a01 Бібліографія і бібліографії. Каталоги
_2UDC
999 _c335253
_d335253